|
|
|
|
| LEADER |
00000cam a2200000 a 4500 |
| 001 |
21746 |
| 005 |
20230308154737.0 |
| 008 |
956030|1952 ||||||||r|||||||||||spa|| |
| 040 |
|
|
|b spa
|
| 041 |
1 |
|
|a spa
|
| 082 |
0 |
|
|a 868
|
| 100 |
1 |
|
|a Morente, Antonio Jaen
|d 1879-1964
|9 6949
|
| 245 |
1 |
1 |
|a J. T, Medina y el cervantino "viaje del parnaso"
|c Antonio JAen Morente
|h imp
|
| 264 |
|
|
|a Quito
|b Casa de la Cultura Ecuatoriana
|c 1952
|
| 300 |
|
|
|a 77 páginas:
|c 21,5 cm
|
| 650 |
1 |
|
|a Medina jose toribio
|9 6950
|
| 852 |
|
|
|a UC-CDJBV
|c TERCER PISO
|f Donación
|k margarita.gutierrez
|l 1
|m General
|p 19560301
|q 10,00
|r 8
|t 21746
|b 0
|d CDRC
|e CDRC
|g 868 TERCER PISO
|z 1956-60-30
|
| 942 |
|
|
|c BK
|
| 999 |
|
|
|c 3081
|d 3081
|